Liedtext - Hier kommt Alex - Die Toren Hosen - Statistiken

Allgemein
  • Dieses Quiz wurde 473 mal gespielt
  • Das Durchschnittsergebnis liegt bei 154 aus 222
Antwortstatistiken
Textquiz % Korrekt
Alex
98%
hier
98%
kommt
98%
auf
91%
Auf
91%
ein
90%
für
90%
Hey
90%
Horrorshow
88%
seine
88%
Vorhang
87%
der
85%
die
82%
Bis
81%
Das
80%
das
80%
bisschen
78%
In
78%
in
78%
einer
77%
kleines
76%
sie
76%
es
75%
Es
75%
Ist
74%
ist
74%
man
73%
nur
73%
Nur
73%
Welt
73%
noch
72%
Tag
70%
lebt
68%
geht
67%
täglich
66%
wie
66%
Wie
66%
Damit
64%
Und
64%
und
64%
Du
63%
gibt
63%
Wenn
63%
wenn
63%
ihr
62%
Jeder
62%
jeder
62%
sind
62%
sich
60%
am
58%
Mensch
58%
roboten
58%
Fernsehbild
57%
Uhrwerk
57%
Geh'n
56%
Jugendliche
56%
paar
56%
nichts
55%
Nichts
55%
zum
55%
allabendliche
54%
Beginnt
54%
Computer
54%
frustriert
54%
programmiert
54%
was
54%
einen
53%
gegen
53%
Jagd
53%
keinen
53%
gemeinsam
52%
Blut
51%
mit
51%
Sonne
51%
untergeht
51%
Aufregung
50%
dem
50%
ihre
50%
kleinen
50%
sammeln
49%
dagegen
48%
oder
48%
Vorschein
48%
wehrt
48%
größte
46%
Himmel
46%
jetzt
46%
Opfer
46%
seh'n
46%
Banden
45%
hast
45%
ihrer
45%
mehr
45%
Brutalität
44%
Gewalt
44%
Warum
44%
Befriedigung
43%
getan
43%
heile
43%
Irgendwann
43%
Kopf
43%
leiden
43%
Ob
43%
Wut
43%
Zerstörung
43%
aufhält
42%
scheinbar
42%
Steinen
42%
Erst
41%
gnadenlosen
41%
Kreuzzug
41%
Ordnung
41%
platzt
41%
Spüren
41%
den
40%
Stöcken
40%
Zwanzig
39%
Zelebrieren
37%
schon
36%
nächste
30%
lieben
26%
dran
24%
fragt
24%
Gott
20%
Droogs
17%
Keine übereinstimmenden Quizze gefunden
Verteilung der Resultate
Anzahl Personen mit jedem Resultat
Perzentil nach korrekt beantworteten Fragen
Ihre Resultats-Entwicklung
Sie haben dieses Quiz noch nicht gespielt